Cartas cristológicas
Guardat en:
| Autor principal: | |
|---|---|
| Format: | Llibre |
| Idioma: | espanyol |
| Publicat: |
Madrid
Ciudad Nueva
1999
|
| Col·lecció: | Biblioteca de Patrística, 46
|
| Matèries: | |
| Etiquetes: |
Afegir etiqueta
Sense etiquetes, Sigues el primer a etiquetar aquest registre!
|
MARC
| LEADER | 00000nam a2200000 a 4500 | ||
|---|---|---|---|
| 001 | UCP7120 | ||
| 003 | CL-VaPUC | ||
| 008 | 991203e19990000SP |||||||||||||||||spa|d | ||
| 082 | 0 | 4 | |a 281 |b LEO |2 21 |
| 100 | 0 | |a León Magno |e author |9 436508 | |
| 245 | 1 | 0 | |a Cartas cristológicas |
| 300 | |a 279 p | ||
| 942 | |c BK | ||
| 945 | |d 19991203 00:00:00 |a rbrito | ||
| 260 | |a Madrid |b Ciudad Nueva |c 1999 | ||
| 650 | 7 | |a IGLESIA PRIMITIVA |2 CL-VaPUC |9 394704 | |
| 650 | 0 | |a Cristología |9 315091 | |
| 650 | 0 | |a Cartas apostólicas |9 373744 | |
| 650 | 7 | |a DOCUMENTOS PAPALES |2 CL-VaPUC |9 436509 | |
| 583 | |a last modification |c 19991203 00:00:00 |k Rodrigo Vera | ||
| 490 | 0 | |a Biblioteca de Patrística, 46 | |
| 999 | |c 284440 |d 284438 | ||
| 952 | |0 0 |1 0 |4 0 |6 281_000000000000000_LEO_1999 |7 0 |8 A |9 328482 |a BIBTEO |b BIBTEO |d 2019-11-20 |i 3570576 |o 281 LEO 1999 |p 3570576 |r 2024-01-18 |w 2019-11-20 |y BK |k ICR | ||
| 952 | |0 0 |1 0 |4 0 |6 281_000000000000000_LEO_1999 |7 0 |8 A |9 328483 |a BIBTEO |b BIBTEO |d 2019-11-20 |i 3678768 |o 281 LEO 1999 |p 3678768 |r 2024-01-18 |w 2019-11-20 |y BK |k ICR | ||